Colección Viñas de tejidos antiguos [catálogo] : Palacio de la Virreina, octubre 1957 Palacio de la Virreina, octubre 1957
Descripción Física:
94 p., [8] f. de làm. ; 20 cm
MARC
| LEADER | 00000nam a2200000Ia 4500 | ||
|---|---|---|---|
| 001 | 676 | ||
| 008 | 160829s1957 xx 000 0 cat d | ||
| 080 | |a C-1-364 | ||
| 245 | |a Colección Viñas de tejidos antiguos [catálogo] : |b Palacio de la Virreina, octubre 1957 | ||
| 260 | |a Barcelona : |b Diputación Provincial de Barcelona, |c 1957 | ||
| 300 | |a 94 p., [8] f. de làm. ; |c 20 cm | ||
| 650 | |a Viñas Geis, Ricard |x Col·leccions d'art |x Exposicions |9 37472 | ||
| 650 | |a Teixits i tèxtils |x Col·leccions privades |x Barcelona |x Exposicions |9 37473 | ||
| 650 | |a Tapissos |x Exposicions |9 37474 | ||
| 710 | 1 | |a Barcelona (Catalunya : Província). |b Diputació |9 52408 | |
| 901 | |a Arxiu | ||
| 942 | |n 1 | ||
| 952 | |0 0 |1 0 |4 0 |6 C1364 |7 1 |9 47888 |a Arxiu |b Arxiu |d 2016-12-01 |l 0 |o C-1-364 |p 676 |r 2016-12-01 00:00:00 |w 2016-12-01 |y ARXIU | ||
| 999 | |c 51688 |d 51688 | ||